| 000 | 00785nam a22002657a 4500 | ||
|---|---|---|---|
| 003 | DO-SdBNP | ||
| 005 | 20180206105024.0 | ||
| 008 | 160718 1992 sp a spa d | ||
| 020 | _a8434825309 | ||
| 040 |
_aBPMSU _bspa _cBPMSU |
||
| 092 |
_axxxxx _bxxxxx |
||
| 100 | 1 | _aObiols, Miguel | |
| 245 | 1 | 0 |
_aUna de indios y otras historias / _cMiguel Obiols ; ilustraciones Miguel Calatayud ; traducción Angelina Gatell |
| 250 | _a4a. ed. | ||
| 260 |
_aMadrid : _bSM, _c1992. |
||
| 300 |
_a119 p. : _bil. ; _c18 cm. |
||
| 490 | 1 |
_aCatamarán _v4 |
|
| 521 | _aA partir de 9 años. | ||
| 700 | 1 | 2 |
_aCalatayud, Miguel _eil. |
| 700 | 1 | 2 |
_aGatell, Angelina _etrad. |
| 830 | 0 |
_aCatamarán _n4 |
|
| 942 |
_2ddc _cBK |
||
| 945 | _aInventariado, 2018 /LP | ||
| 956 |
_2YLOCKWARD _310 _8BPMSU _a00144 |
||
| 999 |
_c12465 _d12465 |
||